Asamiya bhasa aru sahitya (Record no. 2741)

MARC details
000 -LEADER
fixed length control field 00537cam a2200205ua 4500
001 - CONTROL NUMBER
control field 2895
005 - DATE AND TIME OF LATEST TRANSACTION
control field 20260515113611.0
008 - FIXED-LENGTH DATA ELEMENTS--GENERAL INFORMATION
fixed length control field 110915n ii |||gr||||Z||||||asm
040 ## - CATALOGING SOURCE
Transcribing agency MAIN
082 ## - DEWEY DECIMAL CLASSIFICATION NUMBER
Classification number 920
100 1# - MAIN ENTRY--PERSONAL NAME
Personal name Bezbaroa, Lakshminath ,
245 11 - TITLE STATEMENT
Title Asamiya bhasa aru sahitya
Statement of responsibility, etc. by Lakshminath Bezbaroa
250 ## - EDITION STATEMENT
Edition statement 1st.
260 ## - PUBLICATION, DISTRIBUTION, ETC.
Place of publication, distribution, etc. Guahati:
Name of publisher, distributor, etc. New book stall,968.
300 ## - PHYSICAL DESCRIPTION
Extent 361p:
Dimensions 23p.
653 ## - INDEX TERM--UNCONTROLLED
Uncontrolled term Assamese language
653 ## - INDEX TERM--UNCONTROLLED
Uncontrolled term Asamiya bhasa aru sahitya
700 1# - ADDED ENTRY--PERSONAL NAME
Personal name Hazarika, Atulchandra,
Relator term Editor.,
942 ## - ADDED ENTRY ELEMENTS (KOHA)
Koha item type Books
Holdings
Withdrawn status Lost status Damaged status Not for loan Home library Current library Shelving location Date acquired Total checkouts Full call number Barcode Date last seen Copy number Price effective from Koha item type
        Naharkatiya College Library Naharkatiya College Library General stacks 09/19/2020   491.451 | BEZ 7651 09/19/2020 1 09/19/2020 Books